Performance of Direct Sown Upland Rice Varieties at Different Fertility Levels under Rainfed Condition (Record no. 50414)
[ view plain ]
| 000 -LEADER | |
|---|---|
| fixed length control field | 00449nam a22001697a 4500 |
| 003 - CONTROL NUMBER IDENTIFIER | |
| control field | OSt |
| 008 - FIXED-LENGTH DATA ELEMENTS--GENERAL INFORMATION | |
| fixed length control field | 260505b |||||||| |||| 00| 0 eng d |
| 082 ## - DEWEY DECIMAL CLASSIFICATION NUMBER | |
| Classification number | 633.18 |
| Item number | A13P |
| 100 ## - MAIN ENTRY--PERSONAL NAME | |
| Personal name | Kalam, Abul |
| 245 ## - TITLE STATEMENT | |
| Title | Performance of Direct Sown Upland Rice Varieties at Different Fertility Levels under Rainfed Condition |
| 260 ## - PUBLICATION, DISTRIBUTION, ETC. (IMPRINT) | |
| Place of publication, distribution, etc | Pusa |
| Name of publisher, distributor, etc | RAU |
| Date of publication, distribution, etc | 1978 |
| 310 ## - CURRENT PUBLICATION FREQUENCY | |
| Current publication frequency | 73P. |
| 502 ## - DISSERTATION NOTE | |
| Degree type | Msc. |
| Year degree granted | 1978 |
| 650 ## - SUBJECT ADDED ENTRY--TOPICAL TERM | |
| Topical term or geographic name as entry element | Agronomy |
| 650 ## - SUBJECT ADDED ENTRY--TOPICAL TERM | |
| Topical term or geographic name as entry element | Msc. |
| 942 ## - ADDED ENTRY ELEMENTS (KOHA) | |
| Source of classification or shelving scheme | |
| Koha item type | Thesis |
| Withdrawn status | Lost status | Source of classification or shelving scheme | Damaged status | Not for loan | Home library | Current library | Date acquired | Total Checkouts | Full call number | Barcode | Date last seen | Bill Date | Koha item type |
|---|---|---|---|---|---|---|---|---|---|---|---|---|---|
| Dr. Rajendra Prasad Central Agricultural University Pusa, | Dr. Rajendra Prasad Central Agricultural University Pusa, | 05/05/2026 | 633.18 A13P | 31460 | 05/05/2026 | 05/05/2026 | Thesis |